000 01667nam a2200397 a 4500
001 ebr10363857
003 CaPaEBR
006 m u
007 cr cn|||||||||
008 080602s2008 ne a sb 001 0 eng
010 _z 2008024372
015 _aGBA8A1841
_2bnb
016 7 _z014698234
_2Uk
020 _z9789004170889 (hardback : alk. paper)
020 _z900417088X (hardback : alk. paper)
040 _aCaPaEBR
_cCaPaEBR
035 _a(OCoLC)647872590
050 1 4 _aCE35
_b.B395 2008eb
082 0 4 _a529/.326
_222
100 1 _aBen-Dov, Jonathan.
245 1 0 _aHead of all years
_h[electronic resource] :
_bastronomy and calendars at Qumran in their ancient context /
_cby Jonathan Ben-Dov.
260 _aLeiden ;
_aBoston :
_bBrill,
_c2008.
300 _axx, 331 p. :
_bill.
490 1 _aStudies on the texts of the desert of Judah,
_x0169-9962 ;
_vv. 78
504 _aIncludes bibliographical references (p. [289]-307) and indexes.
533 _aElectronic reproduction.
_bPalo Alto, Calif. :
_cebrary,
_d2013.
_nAvailable via World Wide Web.
_nAccess may be limited to ebrary affiliated libraries.
630 0 0 _aDead Sea scrolls.
630 0 0 _aEthiopic book of Enoch
_xCriticism, interpretation, etc.
650 0 _aJewish calendar
_xHistory.
650 0 _aJewish astronomy.
650 0 _aApocryphal books (Old Testament)
_xCriticism, interpretation, etc.
655 7 _aElectronic books.
_2local
710 2 _aebrary, Inc.
830 0 _aStudies on the texts of the desert of Judah ;
_vv. 78.
856 4 0 _uhttp://site.ebrary.com/lib/rucke/Doc?id=10363857
_zAn electronic book accessible through the World Wide Web; click to view
999 _c111105
_d111105